|
|
|
|
| LEADER |
01755nam a2200373 i 4500 |
| 001 |
36786 |
| 003 |
BD-DhAAL |
| 005 |
20250831113320.0 |
| 008 |
191210t2018 bg ab b 001 0 eng |
| 010 |
|
|
|a 2018320472
|
| 020 |
|
|
|a 9789843445209 (vol. 2)
|
| 025 |
|
|
|a B-E-2018320472 ; 21-92
|
| 037 |
|
|
|b Library of Congress -- New Delhi Overseas Office
|
| 040 |
|
|
|a DLC
|b eng
|e rda
|c DLC
|d DLC
|d BD-DhAAL
|
| 042 |
|
|
|a lcode
|a pcc
|
| 043 |
|
|
|a a-bg---
|
| 050 |
0 |
0 |
|a DS485.B47
|b H57 2018
|
| 082 |
|
|
|a 954.9202
|2 23
|
| 245 |
0 |
0 |
|a History of Bangladesh :
|b early Bengal in regional perspectives (up to c.1200 CE).
|n Volume 2 /
|c edited by Abdul Momin Chowdhury and Ranabir Chakravarti.
|
| 260 |
|
|
|a Dhaka, Bangladesh :
|b Asiatic Society of Bangladesh,
|c 2018
|
| 300 |
|
|
|a xii, 716 pages :
|b illustrations (black and white, and color), maps (black and white, and color) ;
|c 23 cm
|
| 362 |
|
|
|a Vol. 2
|
| 504 |
|
|
|a Includes bibliographical references and index.
|
| 505 |
0 |
|
|a vol. 2. Society, economy, culture.
|
| 526 |
|
|
|a ENH
|
| 541 |
|
|
|a Book Finder International
|e 36786
|
| 651 |
|
0 |
|a Bengal (India)
|x History
|v Early works to 1800.
|9 38196
|
| 700 |
1 |
|
|a Chowdhury, Abdul Momin.
|e editor.
|9 38197
|
| 700 |
1 |
|
|a Chakravarti, Ranabir,
|d 1953-
|e editor.
|9 38198
|
| 710 |
2 |
|
|a Asiatic Society of Bangladesh,
|e issuing body.
|9 38199
|
| 852 |
|
|
|a Ayesha Abed Library
|c General Stacks
|
| 942 |
|
|
|2 ddc
|c BK
|
| 999 |
|
|
|c 41956
|d 41956
|
| 952 |
|
|
|0 0
|1 0
|2 ddc
|4 0
|6 954_920200000000000_HIS
|7 0
|9 67325
|a BRACUL
|b BRACUL
|c CIR
|d 2019-12-02
|e Book Finder International
|g 1692.50
|l 59
|o 954.9202 HIS
|p 3010036786
|r 2025-12-15
|s 2025-12-15
|t 1
|v 1692.50
|w 2019-12-02
|y 1HOUR
|x According to Gazi Md. Mizanur Rahman (Assistant Professor, ENH) instruction, the book has been reserved as one hour loan.
|